| 000 | 00631nam a22002297a 4500 | ||
|---|---|---|---|
| 003 | UA-OsUOA | ||
| 001 | 43321 | ||
| 007 | ta | ||
| 008 | 20090612b un ||||| |||| 00| 0 ukr d | ||
| 100 | _aMargolin Arnold | ||
| 090 | _a82-92(Публ.) | ||
| 942 | _cBR | ||
| 040 |
_aUA-OsUOA _beng _cUA-OsUOA _dUA-OsUOA |
||
| 245 | _aGeorge Fedotov and His Predictions On The Future Fate of the U.S.S.R. and Of Its Enslaved Peoples | ||
| 300 | _a12 с. | ||
| 955 | _a4 | ||
| 041 | _aeng | ||
| 080 | _a82-92(Публ.) | ||
| 260 | _aScranton | ||
| 650 | 7 |
_a82 Література. Літературознавство _2UDC |
|
| 999 |
_c441795 _d441795 |
||